[Event "FRA Team Ch"]
[Site "Mulhouse"]
[Date "2001.03.31"]
[Round "6.2"]
[White "Ivanov, Mikhail M"]
[Black "Winants, Luc"]
[Result "1/2-1/2"]
[WhiteElo "2454"]
[BlackElo "2515"]
[Annotator "Bischwiller - Cappelle"]
[PlyCount "96"]
[EventDate "2001.03.??"]

1. Nf3 c5 2. c4 Nc6 3. d4 cxd4 4. Nxd4 e6 5. Nc3 Bb4 6. g3 Qa5 7. Ndb5 d5 8. a3
Bxc3+ 9. bxc3 Nf6 10. Bf4 e5 11. Bd2 O-O 12. Bg2 dxc4 13. Nd6 Qa6 14. Nxc8
Raxc8 15. O-O Na5 16. Rb1 Nb3 17. Bg5 h6 18. Bxf6 Qxf6 19. Bxb7 Rcd8 20. Bd5 e4
21. Rxb3 cxb3 22. Qxb3 Qe7 23. c4 Kh8 24. Qb4 Qe5 25. e3 f5 26. Qc5 Qb8 27. a4
Rc8 28. Qb5 Qc7 29. a5 Rb8 30. Qa4 a6 31. Qa3 Rfd8 32. Kg2 Qd6 33. Qc3 Rdc8 34.
Qd4 Qc7 35. Ra1 Re8 36. h3 Qe5 37. Ra3 Qe7 38. Ra2 Qc7 39. Kf1 Rb1+ 40. Kg2 Qb8
41. Ra1 Rxa1 42. Qxa1 Qb4 43. Bf7 Rf8 44. Bd5 Re8 45. Bf7 Re7 46. Bd5 Kh7 47.
Kg1 Re8 48. Kg2 Qc5 1/2-1/2

[Event "FRA Team Ch"]
[Site "Mulhouse"]
[Date "2001.03.31"]
[Round "6.3"]
[White "Degraeve, Jean-Marc"]
[Black "Arnold, Lothar"]
[Result "1-0"]
[WhiteElo "2589"]
[BlackElo "2431"]
[Annotator "Cappelle - Bischwiller"]
[PlyCount "55"]
[EventDate "2001.03.??"]

1. e4 e6 2. d4 d5 3. Nc3 Nf6 4. Bg5 dxe4 5. Nxe4 Be7 6. Bxf6 Bxf6 7. Nf3 O-O 8.
Qd2 b6 9. O-O-O Be7 10. Bc4 Bb7 11. Rhe1 Bd5 12. Bxd5 exd5 13. Ng3 Nd7 14. Nf5
Bf6 15. Ne5 Bxe5 16. dxe5 Nc5 17. f4 Qd7 18. g4 Qa4 19. Kb1 Rad8 20. h3 Qe8 21.
Ng3 d4 22. f5 Kh8 23. f6 gxf6 24. exf6 Qc6 25. Qh6 Rg8 26. Nf5 Qf3 27. Rxd4
Rxd4 28. Qg7+ 1-0

[Event "FRA Team Ch"]
[Site "Mulhouse"]
[Date "2001.03.31"]
[Round "6.4"]
[White "Galdunts, Sergei"]
[Black "Carlier, Bruno"]
[Result "1-0"]
[WhiteElo "2510"]
[BlackElo "2392"]
[Annotator "Bischwiller - Cappelle"]
[PlyCount "53"]
[EventDate "2001.03.??"]

1. e4 g6 2. d4 Bg7 3. Nc3 d6 4. g3 Nc6 5. d5 Ne5 6. h3 c6 7. f4 Nd7 8. Be3 cxd5
9. exd5 h5 10. Nf3 Nh6 11. Bd4 Nf6 12. Nh4 Nf5 13. Nxf5 gxf5 14. Qf3 a6 15.
O-O-O b5 16. Bd3 Bd7 17. Rde1 Rg8 18. Kb1 Rc8 19. Re2 e6 20. dxe6 fxe6 21. Rhe1
b4 22. Nd1 Bc6 23. Qe3 Ne4 24. Bxg7 Rxg7 25. g4 hxg4 26. hxg4 Kf7 27. Rg1 {
Suite illisible} 1-0

[Event "FRA Team Ch"]
[Site "Mulhouse"]
[Date "2001.03.31"]
[Round "6.5"]
[White "Jossien, Arnaud"]
[Black "Mohebbi, Jaffar"]
[Result "1/2-1/2"]
[WhiteElo "2319"]
[BlackElo "2318"]
[Annotator "Cappelle - Bischwiller"]
[PlyCount "81"]
[EventDate "2001.03.??"]

1. e4 d5 2. exd5 Qxd5 3. Nf3 Nf6 4. d4 Bg4 5. Be2 e6 6. O-O Nc6 7. h3 Bh5 8. c4
Qd7 9. Be3 Rd8 10. Qb3 Bxf3 11. Bxf3 Nxd4 12. Bxd4 Qxd4 13. Qxb7 Bd6 14. Qc6+
Nd7 15. Nc3 O-O 16. Rad1 Qe5 17. g3 Qf5 18. Bg2 Ne5 19. Qa4 Nf3+ 20. Kh1 Bc5
21. b4 Rxd1 22. Nxd1 Bd4 23. Ne3 Qd3 24. Bxf3 Bxe3 25. Rd1 Bd2 26. Kg2 e5 27.
Qc6 Qc2 28. b5 Be3 29. Rf1 g6 30. Be4 Qxa2 31. Qxc7 Bb6 32. Qc6 Qe2 33. Bd5 Qc2
34. Be4 Qe2 35. Bf3 Qc2 36. Bd5 Kg7 37. Be4 Qe2 38. Bf3 Qc2 39. Qd5 Bd4 40. Be4
Qa2 41. Qc6 1/2-1/2

[Event "FRA Team Ch"]
[Site "Mulhouse"]
[Date "2001.03.31"]
[Round "6.6"]
[White "Blot, Jerome"]
[Black "Catteau, Bruno"]
[Result "1-0"]
[WhiteElo "2324"]
[BlackElo "2193"]
[Annotator "Bischwiller - Cappelle"]
[PlyCount "93"]
[EventDate "2001.03.??"]

1. d4 d5 2. c4 c6 3. Nf3 e6 4. e3 f5 5. g3 Nf6 6. Bg2 Bd6 7. Qc2 O-O 8. O-O Qe7
9. b3 Bd7 10. Ne5 Be8 11. Bb2 Nbd7 12. Nd3 Bf7 13. Nd2 Ne4 14. Rad1 Rac8 15. f3
Nxd2 16. Qxd2 dxc4 17. bxc4 e5 18. Qc2 Rfe8 19. f4 e4 20. Ne5 Nf6 21. Rc1 Red8
22. a4 Ba3 23. Bxa3 Qxa3 24. Qc3 Qxc3 25. Rxc3 Be6 26. Rb1 Rc7 27. a5 a6 28.
Kf2 Bc8 29. Bf1 h6 30. Be2 Kh7 31. Rg1 g5 32. h4 gxh4 33. gxh4 Rg7 34. Rxg7+
Kxg7 35. Rc1 h5 36. Rg1+ Ng4+ 37. Bxg4 hxg4 38. Rb1 Rh8 39. Kg3 Kf6 40. Rb6 Kg7
41. c5 Rh7 42. Nc4 Kh6 43. Nd6 Rc7 44. Nxc8 Rxc8 45. Rxb7 Kh5 46. Rb6 Re8 47.
Rxa6 1-0

[Event "FRA Team Ch"]
[Site "Mulhouse"]
[Date "2001.03.31"]
[Round "6.7"]
[White "Marchyllie, Bruno"]
[Black "Hoffmann, Regis"]
[Result "0-1"]
[WhiteElo "2182"]
[BlackElo "2177"]
[Annotator "Cappelle - Bischwiller "]
[PlyCount "86"]
[EventDate "2001.03.??"]

1. e4 d6 2. d4 Nf6 3. Nc3 g6 4. Be2 Bg7 5. Be3 Nc6 6. Qd2 O-O 7. h4 h5 8. O-O-O
a6 9. Nh3 Bxh3 10. Rxh3 e5 11. d5 Nd4 12. f3 c5 13. Nb1 b5 14. c3 Nxe2+ 15.
Qxe2 Qa5 16. b3 Rfc8 17. Qb2 Qc7 18. Kd2 a5 19. Na3 Rcb8 20. Rhh1 b4 21. cxb4
Rxb4 22. Nc4 a4 23. Rb1 axb3 24. axb3 Rab8 25. Qc2 Bf8 26. Rb2 Nd7 27. Ra1 R8b5
28. Ke2 Qb7 29. Ra3 Nb6 30. Nxb6 Rxb6 31. Bd2 R4b5 32. g4 hxg4 33. fxg4 Qc8 34.
Kf3 Be7 35. Be1 Qb7 36. h5 Bg5 37. Kg2 Qc8 38. Qe2 Bc1 39. hxg6 fxg6 40. Kg3
Bxb2 41. Qxb2 Ra6 42. Qe2 Rxa3 43. Qxb5 c4 0-1

[Event "FRA Team Ch"]
[Site "Mulhouse"]
[Date "2001.03.31"]
[Round "6.8"]
[White "Peter, Sebastien"]
[Black "Hareux, Hubert"]
[Result "1/2-1/2"]
[WhiteElo "2194"]
[BlackElo "2211"]
[Annotator "Bischwiller - Cappelle"]
[PlyCount "47"]
[EventDate "2001.03.??"]

1. e4 e6 2. d4 d5 3. Nd2 c5 4. Ngf3 cxd4 5. exd5 Qxd5 6. Bc4 Qd6 7. O-O Nf6 8.
Nb3 Nc6 9. Nbxd4 Nxd4 10. Qxd4 Bd7 11. Be3 Qxd4 12. Bxd4 Rc8 13. Bb3 Bc5 14.
Rad1 Ke7 15. Ne5 Rhd8 16. f4 Be8 17. Bxc5+ Rxc5 18. Rxd8 Kxd8 19. Rd1+ Ke7 20.
c3 h6 21. g3 Bc6 22. Nxc6+ Rxc6 23. h3 Rb6 24. Rd4 1/2-1/2

[Event "FRA Team Ch"]
[Site "Mulhouse"]
[Date "2001.03.31"]
[Round "6.9"]
[White "Husson, Cybele"]
[Black "Leclair, Marie"]
[Result "1/2-1/2"]
[WhiteElo "2036"]
[BlackElo "2032"]
[Annotator "Cappelle - Bischwiller"]
[PlyCount "100"]
[EventDate "2001.03.??"]

1. e4 c5 2. Nc3 Nc6 3. f4 g6 4. Nf3 Bg7 5. Bb5 e6 6. O-O Nge7 7. d3 O-O 8. e5
d6 9. exd6 Qxd6 10. Ne4 Qc7 11. Bxc6 Qxc6 12. Qe1 f6 13. Rb1 b6 14. b4 cxb4 15.
Nd4 Qd5 16. Nf3 Qxa2 17. Rb2 Qa4 18. Nd6 Qc6 19. Nc4 Nd5 20. Kh1 a5 21. Nd4 Qd7
22. Rf2 a4 23. Bd2 a3 24. Ra2 b5 25. Ne3 Nxe3 26. Bxe3 Qd5 27. Nb3 Bb7 28. Qxb4
Ra4 29. Qc5 Qh5 30. Qxh5 gxh5 31. Nc5 Rb4 32. h3 Rb1+ 33. Kh2 Bd5 34. Rxa3 Rc8
35. Ra6 e5 36. Nd7 exf4 37. Bxf4 Rc6 38. Rxc6 Bxc6 39. Nc5 Bf8 40. Ne6 Bb4 41.
Bd2 Bd6+ 42. Bf4 Bb4 43. Bc7 Be7 44. Re2 Bb4 45. Nf4 h4 46. Ne6 Bd5 47. Nf4 Bc5
48. Nxd5 Bg1+ 49. Kh1 Bf2+ 50. Kh2 Bg1+ 1/2-1/2

[Event "FRA Team Ch"]
[Site "Bordeaux"]
[Date "2001.03.31"]
[Round "6.1"]
[White "Adams, Michael"]
[Black "Vaisser, Anatoly"]
[Result "1-0"]
[WhiteElo "2746"]
[BlackElo "2540"]
[Annotator "Monaco - Auxerre"]
[PlyCount "103"]
[EventDate "2001.??.??"]

1. e4 c5 2. Nf3 Nc6 3. Bb5 e6 4. Bxc6 bxc6 5. d3 Ne7 6. Ng5 f6 7. Nh3 d5 8. Nc3
Ng6 9. Qh5 Bd6 10. Nf4 Bxf4 11. Bxf4 O-O 12. Bd2 f5 13. Qg5 Qxg5 14. Bxg5 c4
15. exd5 exd5 16. Be3 cxd3 17. cxd3 f4 18. Bc5 Re8+ 19. Kd2 Bf5 20. Rad1 Nh4
21. Rhg1 a6 22. f3 g5 23. Ne2 Rab8 24. b3 Bd7 25. Nd4 Kf7 26. g3 fxg3 27. hxg3
Nf5 28. Rh1 Nxd4 29. Bxd4 Bf5 30. Rh5 Re6 31. Rxg5 Bg6 32. Rh1 Rbe8 33. f4 Re2+
34. Kc3 c5 35. Bxc5 d4+ 36. Bxd4 Rc8+ 37. Rc5 Rxc5+ 38. Bxc5 h5 39. a4 Ke6 40.
Kb4 Kf5 41. Rg1 Kg4 42. d4 Bf7 43. Rd1 Bd5 44. Rd3 Be4 45. Rc3 Bf3 46. f5 Bd5
47. f6 Rf2 48. Be7 Kf5 49. Ka5 Ke4 50. Kxa6 Ra2 51. Kb5 Kxd4 52. Kb4 1-0

[Event "FRA Team Ch"]
[Site "Bordeaux"]
[Date "2001.03.31"]
[Round "6.3"]
[White "Hauchard, Arnaud"]
[Black "Pira, Davoud"]
[Result "0-1"]
[WhiteElo "2527"]
[BlackElo "2449"]
[Annotator "Monaco - Auxerre"]
[PlyCount "147"]
[EventDate "2001.??.??"]

1. d4 Nf6 2. c4 e6 3. Nc3 Bb4 4. Nf3 c5 5. e3 Nc6 6. Bd3 Bxc3+ 7. bxc3 d6 8. e4
e5 9. d5 Ne7 10. h3 Ng6 11. g3 Bd7 12. Nd2 Qc8 13. h4 Bh3 14. Qe2 Kd8 15. Nf1
Bxf1 16. Kxf1 h6 17. Bd2 Kc7 18. Re1 Qd7 19. Qd1 Rae8 20. Kg1 Kb8 21. Bf1 Qc7
22. Bh3 Ne7 23. Qc2 g6 24. Rb1 Ka8 25. Kg2 Nh5 26. Qc1 Ng8 27. Re1 Rf8 28. Qd1
Rh7 29. Rb5 f5 30. exf5 Qf7 31. f6 Qxf6 32. Qe2 Ne7 33. Kg1 Nf5 34. Rf1 Nhg7
35. Qg4 Ne8 36. Bg2 Qf7 37. Rbb1 Nf6 38. Qf3 Nd7 39. Qe2 Nb6 40. Be4 Qd7 41.
Rb5 g5 42. h5 Rhf7 43. Rfb1 Ng7 44. Be3 Qh3 45. Bg6 Rc7 46. Rxb6 axb6 47. Rxb6
Rd7 48. a4 Nf5 49. Bd2 Ne7 50. Be4 Nc8 51. Rb2 Rdf7 52. Be3 Ne7 53. Bg2 Qd7 54.
Rb5 Ng8 55. Be4 Nf6 56. Bg6 Re7 57. Bd2 e4 58. Rb6 Ng4 59. Rxd6 Qxd6 60. Qxg4
e3 61. Bxe3 Rxe3 62. fxe3 Qe5 63. e4 Qxc3 64. Bf5 Qxc4 65. Qd1 Qc3 66. Kg2 Qe5
67. Qb3 Rf6 68. a5 Ra6 69. Qb5 Qd4 70. Kf3 c4 71. Qb4 Ka7 72. g4 Ka8 73. Qf8+
Ka7 74. Qb4 {suite illisible} 0-1

[Event "FRA Team Ch"]
[Site "Bordeaux"]
[Date "2001.03.31"]
[Round "6.4"]
[White "Solozhenkin, Evgeniy"]
[Black "Relange, Eloi"]
[Result "1-0"]
[WhiteElo "2506"]
[BlackElo "2484"]
[Annotator "Auxerre - Monaco"]
[PlyCount "71"]
[EventDate "2001.??.??"]

1. d4 Nf6 2. c4 g6 3. g3 Bg7 4. Bg2 O-O 5. Nc3 d6 6. Nf3 Nbd7 7. O-O e5 8. e4
c6 9. Be3 Ng4 10. Bg5 Qc7 11. Be7 Re8 12. dxe5 Ngxe5 13. Bxd6 Qb6 14. Na4 Qa6
15. Nxe5 Nxe5 16. Bxe5 Bxe5 17. Rc1 Bg4 18. Nc5 Bxd1 19. Nxa6 Bh5 20. Nc5 b6
21. Na4 21... Rad8 {=} 22. f3 g5 23. Rfd1 f6 24. b3 Bg6 25. Bh3 h5 26. Bd7 Rf8
27. Bxc6 h4 28. g4 h3 29. Bd5+ Kg7 30. Nc3 Rd7 31. Ne2 Bf7 32. Rd3 Rc8 33. f4
gxf4 34. Rxh3 Bxd5 35. exd5 Re8 36. Rf3 1-0

[Event "FRA Team Ch"]
[Site "Bordeaux"]
[Date "2001.03.31"]
[Round "6.5"]
[White "Marciano, David"]
[Black "Bellon Lopez, Juan Manuel"]
[Result "1/2-1/2"]
[WhiteElo "2506"]
[BlackElo "2430"]
[Annotator "Monaco - Auxerre"]
[PlyCount "25"]
[EventDate "2001.??.??"]

1. e4 c6 2. d4 d5 3. Nc3 dxe4 4. Nxe4 Nf6 5. Nxf6+ exf6 6. c3 Bd6 7. Bd3 O-O 8.
Qc2 Re8+ 9. Ne2 g6 10. O-O Nd7 11. Be3 Qc7 12. h3 f5 13. Qc1 1/2-1/2

[Event "FRA Team Ch"]
[Site "Bordeaux"]
[Date "2001.03.31"]
[Round "6.6"]
[White "Cramling, Pia"]
[Black "Miralles, Gilles"]
[Result "1/2-1/2"]
[WhiteElo "2492"]
[BlackElo "2473"]
[Annotator "Auxerre - Monaco"]
[PlyCount "68"]
[EventDate "2001.??.??"]

1. d4 Nf6 2. c4 e6 3. Nf3 c5 4. d5 exd5 5. cxd5 d6 6. Nc3 g6 7. h3 Bg7 8. e4
O-O 9. Bd3 b5 10. Bxb5 Nxe4 11. Nxe4 Qa5+ 12. Nfd2 Qxb5 13. Nxd6 Qa6 14. N2c4
Nd7 15. O-O Nb6 16. Nxb6 axb6 17. a4 Rd8 18. Nb5 Qb7 19. Re1 Bf5 20. d6 h6 21.
Ra3 Be4 22. Qg4 Bc6 23. Rd3 Qd7 24. Qxd7 Bxd7 25. b3 c4 26. bxc4 Rxa4 27. Be3
Rxc4 28. Bxb6 Rb8 29. Na3 Rc3 30. Rxc3 Bxc3 31. Bc7 Ra8 32. Re7 Be6 33. d7 Bxd7
34. Rxd7 Rxa3 1/2-1/2

[Event "FRA Team Ch"]
[Site "Bordeaux"]
[Date "2001.03.31"]
[Round "6.7"]
[White "Efimov, Igor"]
[Black "Boudre, Jean-Pierre"]
[Result "1-0"]
[WhiteElo "2485"]
[BlackElo "2355"]
[Annotator "Monaco - Auxerre"]
[PlyCount "83"]
[EventDate "2001.??.??"]

1. c4 c6 2. Nf3 d5 3. d4 Nf6 4. e3 Bg4 5. Qb3 Qc7 6. Ne5 Be6 7. Nc3 dxc4 8.
Bxc4 Bxc4 9. Qxc4 e6 10. O-O Nbd7 11. f4 Nxe5 12. fxe5 Nd7 13. Bd2 Be7 14. Rf3
O-O 15. Raf1 Rad8 16. Rg3 Qb6 17. Qe2 f5 18. b3 c5 19. Na4 Qc6 20. Rc1 b6 21.
Rf3 Rf7 22. Be1 g5 23. Rh3 g4 24. Rh5 Nf8 25. h3 gxh3 26. Rxh3 Ng6 27. Bf2 Kh8
28. Rg3 Rg8 29. Qf3 Qxf3 30. Rxf3 Rfg7 31. Kf1 Rd8 32. Rh3 cxd4 33. exd4 Nf4
34. Rf3 Nd5 35. Rc6 Rg6 36. Nc3 Nxc3 37. Rfxc3 Rdg8 38. Rc7 Bb4 39. R3c6 f4 40.
Bh4 f3 41. g3 Rf8 42. Rxa7 1-0

[Event "FRA Team Ch"]
[Site "Bordeaux"]
[Date "2001.03.31"]
[Round "6.8"]
[White "Nicoara, Malina"]
[Black "Kosten, Anthony C"]
[Result "0-1"]
[WhiteElo "2258"]
[BlackElo "2519"]
[Annotator "Auxerre - Monaco"]
[PlyCount "152"]
[EventDate "2001.??.??"]

1. d4 Nf6 2. c4 e6 3. Nc3 Bb4 4. Qc2 O-O 5. a3 Bxc3+ 6. Qxc3 b6 7. Bg5 Ba6 8.
Nf3 d6 9. e3 Nbd7 10. Bd3 c5 11. O-O Rc8 12. Rac1 h6 13. Bh4 cxd4 14. exd4 d5
15. Qb3 Qc7 16. Nd2 Qf4 17. Bxf6 dxc4 18. Nxc4 Nxf6 19. Rcd1 Bb7 20. Ne3 Ng4
21. Nxg4 Qxg4 22. f3 Qxd4+ 23. Kh1 Qf4 24. Bb1 Rfd8 25. Rxd8+ Rxd8 26. Qc2 g6
27. Qc3 Rc8 28. Qe1 Ba6 29. Rg1 Rc5 30. Be4 Qd6 31. Qe3 Kg7 32. Qf2 Rc7 33. Qe3
Rd7 34. Qb3 Qd4 35. Bc6 Rd6 36. Be4 Bc4 37. Qa4 a5 38. Qc2 Bd3 39. Bxd3 Qxd3
40. Qc7 Qd4 41. h3 Rd5 42. Qc2 Qd3 43. Qf2 Qb3 44. Qe2 Qb5 45. Qc2 Rd3 46. Re1
Qd5 47. Qc7 Rb3 48. Qc2 a4 49. Qf2 b5 50. Re4 Rd3 51. Rb4 Qd6 52. f4 Qd5 53.
Kh2 Rd2 54. Qf1 e5 55. Rxb5 Rxg2+ 56. Qxg2 Qxb5 57. fxe5 Qxe5+ 58. Kg1 Qd4+ 59.
Kh1 g5 60. Qb7 h5 61. Qb5 Qe4+ 62. Kh2 Qf4+ 63. Kg2 h4 64. Qd7 Qe4+ 65. Kf2 Kg6
66. Qd6+ Qe6 67. Qb8 Qf5+ 68. Ke2 Qe4+ 69. Kd1 Qd5+ 70. Ke2 Kg7 71. Qb4 Qg2+
72. Kd1 Qxh3 73. Qxa4 Qd3+ 74. Kc1 h3 75. Qe8 Qf1+ 76. Kc2 Qf5+ 0-1

[Event "FRA Team Ch"]
[Site "Bordeaux"]
[Date "2001.03.31"]
[Round "6.9"]
[White "Te-Lallemand, Roza"]
[Black "Chevrier, Thomas"]
[Result "1-0"]
[WhiteElo "2291"]
[BlackElo "2158"]
[Annotator "Monaco - Auxerre"]
[PlyCount "81"]
[EventDate "2001.??.??"]

1. e4 e6 2. d4 d5 3. Nc3 Nf6 4. e5 Nfd7 5. f4 c5 6. Nf3 Nc6 7. Be3 cxd4 8. Nxd4
Bc5 9. Qd2 O-O 10. O-O-O a6 11. h4 Nxd4 12. Bxd4 b5 13. Rh3 b4 14. Na4 Bxd4 15.
Qxd4 Qa5 16. b3 Bb7 17. Kb1 Bc6 18. Nb2 Bb5 19. f5 Bxf1 20. Rxf1 Qc5 21. Qf4
Rac8 22. Rc1 Qc7 23. Nd3 a5 24. h5 exf5 25. Qxf5 Rfe8 26. h6 g6 27. Qf2 Re6 28.
Re3 Qb6 29. Rce1 a4 30. Qd2 axb3 31. cxb3 Rb8 32. Nf4 d4 33. Re4 Nc5 34. Rxd4
Qa5 35. Nxe6 Nxe6 36. Rd7 Ra8 37. Rxf7 Nc5 38. Rf3 Rd8 39. Qf4 Qa7 40. Qc4+ Kh8
41. Rf7 1-0

[Event "FRA Team Ch"]
[Site "Bordeaux"]
[Date "2001.03.31"]
[Round "6.1"]
[White "Tkachiev, Vladislav"]
[Black "Nisipeanu, Liviu-Dieter"]
[Result "1/2-1/2"]
[WhiteElo "2672"]
[BlackElo "2596"]
[Annotator "Auxerre - Monaco"]
[PlyCount "36"]
[EventDate "2001.??.??"]

1. d4 Nf6 2. c4 c5 3. d5 b5 4. Nf3 bxc4 5. Nc3 d6 6. e4 g6 7. Bxc4 Nbd7 8. O-O
Bg7 9. Re1 O-O 10. h3 Rb8 11. Rb1 Ng4 12. Qc2 Nge5 13. Nxe5 Nxe5 14. Bf1 c4 15.
Be3 Qa5 16. f4 Nd3 17. Bxd3 cxd3 18. Qxd3 Ba6 1/2-1/2

[Event "FRA Team Ch"]
[Site "Bordeaux"]
[Date "2001.03.31"]
[Round "6.2"]
[White "Hamdouchi, Hichem"]
[Black "Bacrot, Etienne"]
[Result "1-0"]
[WhiteElo "2541"]
[BlackElo "2618"]
[Annotator "Montpellier - Cannes"]
[PlyCount "65"]
[EventDate "2001.??.??"]

1. e4 e5 2. Nf3 Nc6 3. Bb5 a6 4. Ba4 Nf6 5. O-O Be7 6. Re1 b5 7. Bb3 d6 8. c3
O-O 9. h3 Bb7 10. d4 Re8 11. Ng5 Rf8 12. Nf3 Re8 13. Nbd2 Bf8 14. d5 Nb8 15.
Nf1 Nbd7 16. Ng3 Nc5 17. Bc2 c6 18. b4 Ncd7 19. dxc6 Bxc6 20. Bb3 Nb6 21. Qd3
Rc8 22. Be3 Bb7 23. Bxb6 Qxb6 24. Rad1 Rcd8 25. Ng5 Rd7 26. Nf5 h6 27. Nxf7
Rxf7 28. Qg3 g5 29. Rxd6 Qxd6 30. Nxd6 Bxd6 31. h4 g4 32. Qe3 Bf8 33. Qb6 1-0

[Event "FRA Team Ch"]
[Site "Bordeaux"]
[Date "2001.03.31"]
[Round "6.3"]
[White "Gallagher, Joseph"]
[Black "Prie, Eric"]
[Result "1/2-1/2"]
[WhiteElo "2519"]
[BlackElo "2490"]
[Annotator "Cannes - Montpellier"]
[PlyCount "100"]
[EventDate "2001.??.??"]

1. e4 c5 2. Nf3 Nc6 3. d4 cxd4 4. Nxd4 g6 5. c4 Nf6 6. Nc3 d6 7. Be2 Nxd4 8.
Qxd4 Bg7 9. Bg5 O-O 10. Qe3 Be6 11. Rc1 Qb6 12. Qd2 Rfc8 13. b3 a6 14. f3 Rab8
15. Be3 Qa5 16. Na4 Qxd2+ 17. Kxd2 Nd7 18. Nc3 Nc5 19. g4 b5 20. Nd5 Bxd5 21.
cxd5 a5 22. h4 b4 23. Bc4 Bc3+ 24. Ke2 a4 25. h5 axb3 26. axb3 Ra8 27. Rc2 Ra3
28. Rb1 Rca8 29. hxg6 hxg6 30. Bxc5 dxc5 31. f4 Kg7 32. Rh1 Ra2 33. Rxa2 Rxa2+
34. Kf3 f6 35. Rg1 g5 36. Rh1 gxf4 37. Kxf4 Rf2+ 38. Kg3 Rc2 39. Kf4 Kg6 40.
Kf3 Be5 41. Rh3 Rc1 42. Bb5 Bd4 43. Be8+ Kg7 44. Bb5 Rc3+ 45. Kg2 Be3 46. Bc4
Kg6 47. Rf3 Kg5 48. Rf5+ Kh4 49. Be2 Bg5 50. Rf3 Bd2 1/2-1/2

[Event "FRA Team Ch"]
[Site "Bordeaux"]
[Date "2001.03.31"]
[Round "6.4"]
[White "Fressinet, Laurent"]
[Black "Godena, Michele"]
[Result "1/2-1/2"]
[WhiteElo "2581"]
[BlackElo "2494"]
[Annotator "Montpellier - Cannes"]
[PlyCount "32"]
[EventDate "2001.??.??"]

1. e4 e5 2. Nf3 Nc6 3. Bb5 a6 4. Bxc6 dxc6 5. O-O Qd6 6. Na3 Be6 7. Qe2 f6 8.
Rd1 c5 9. c3 Bg4 10. Nc2 Qc6 11. d3 Ne7 12. Be3 c4 13. h3 cxd3 14. Rxd3 Be6 15.
Nd2 Ng6 16. Qd1 a5 1/2-1/2

[Event "FRA Team Ch"]
[Site "Bordeaux"]
[Date "2001.03.31"]
[Round "6.5"]
[White "Kazhgaleyev, Murtas"]
[Black "Flear, Glenn C"]
[Result "1/2-1/2"]
[WhiteElo "2571"]
[BlackElo "2476"]
[Annotator "Cannes - Montpellier"]
[PlyCount "132"]
[EventDate "2001.??.??"]

1. c4 e6 2. d4 d5 3. Nc3 c6 4. cxd5 exd5 5. Bf4 Bd6 6. Bg3 Ne7 7. e3 Nf5 8. Bd3
Nxg3 9. hxg3 Nd7 10. Nf3 Nf6 11. Qc2 Bd7 12. O-O-O g6 13. e4 dxe4 14. Bxe4 O-O
15. Ne5 Qe7 16. f4 Rfd8 17. Rh4 Nxe4 18. Nxe4 Bf5 19. Rdh1 Bxe5 20. fxe5 Rxd4
21. Nf6+ Qxf6 22. Rxd4 Qxe5 23. Qc3 Re8 24. Rhd1 Qe3+ 25. Qd2 Qxd2+ 26. Kxd2 h5
27. Re1 Be6 28. a4 Kf8 29. Re3 Rc8 30. a5 Bd5 31. g4 hxg4 32. Rxg4 Rd8 33. Kc3
Rd6 34. g3 f5 35. Rh4 Rd7 36. Rh8+ Kg7 37. Ra8 a6 38. Ree8 Kf6 39. Rad8 Rh7 40.
Rh8 Re7 41. Rde8 Rd7 42. Rd8 Rg7 43. Kd2 Kg5 44. Rh4 Re7 45. Rd6 Bf3 46. Rf4
Re2+ 47. Kd3 Re1 48. Kd4 Be4 49. Rh4 Rg1 50. Rh8 Bd5 51. Rh7 Rxg3 52. Rxb7 f4
53. Rg7 Kf5 54. b4 g5 55. b5 axb5 56. a6 Ra3 57. a7 f3 58. Rd8 c5+ 59. Kxc5 Be4
60. Re7 Kf4 61. Rf8+ Ke3 62. a8=Q Rxa8 63. Rxa8 f2 64. Ra3+ Kf4 65. Rf7+ Bf5
66. Rxf5+ Kxf5 1/2-1/2

[Event "FRA Team Ch"]
[Site "Bordeaux"]
[Date "2001.03.31"]
[Round "6.6"]
[White "Santo-Roman, Marc"]
[Black "Anic, Darko"]
[Result "1/2-1/2"]
[WhiteElo "2416"]
[BlackElo "2469"]
[Annotator "Montpellier - Cannes"]
[PlyCount "65"]
[EventDate "2001.??.??"]

1. e4 e5 2. Nf3 Nc6 3. d4 exd4 4. Nxd4 Bc5 5. Nxc6 Qf6 6. Qd2 Qxc6 7. Bd3 Ne7
8. O-O O-O 9. b4 Bd4 10. c3 Bf6 11. Qe2 Qe6 12. f4 d6 13. Be3 Re8 14. a3 a5 15.
b5 b6 16. Bd4 Bb7 17. Qc2 c5 18. Bxf6 Qxf6 19. Nd2 Ng6 20. Nc4 Qd8 21. Rae1 Qc7
22. e5 dxe5 23. fxe5 Nxe5 24. Bxh7+ Kf8 25. Nxe5 Rxe5 26. Rxe5 Qxe5 27. Qg6 f6
28. Qd3 Re8 29. Rd1 Bd5 30. Qxd5 Qe3+ 31. Kf1 Qe2+ 32. Kg1 Qe3+ 33. Kf1 1/2-1/2

[Event "FRA Team Ch"]
[Site "Bordeaux"]
[Date "2001.03.31"]
[Round "6.7"]
[White "Fontaine, Robert"]
[Black "Letreguilly, Olivier"]
[Result "1-0"]
[WhiteElo "2451"]
[BlackElo "2301"]
[Annotator "Cannes - Montpellier"]
[PlyCount "123"]
[EventDate "2001.??.??"]

1. e4 e6 2. d4 d5 3. Nc3 Bb4 4. exd5 exd5 5. Bd3 c6 6. a3 Bd6 7. h3 Qf6 8. Nf3
h6 9. Qe2+ Ne7 10. g4 Bf4 11. Be3 Be6 12. O-O-O Nd7 13. Rdf1 g5 14. Qd2 Ng6 15.
Ne2 Bd6 16. Ne1 Nf4 17. Bxf4 gxf4 18. f3 c5 19. c3 Rc8 20. Kb1 Nb6 21. Ng2 cxd4
22. cxd4 Nc4 23. Bxc4 dxc4 24. Nc3 O-O 25. Ne4 Qg6 26. Qc2 Rc6 27. Nh4 Qg7 28.
d5 Bxd5 29. Nxd6 Rxd6 30. Nf5 Qf6 31. Nxd6 Qxd6 32. Rd1 Qc6 33. Rhe1 Bxf3 34.
Rd4 Re8 35. Rxe8+ Qxe8 36. Qxc4 Qe1+ 37. Ka2 Qe5 38. Rd8+ Kg7 39. Qd4 Qxd4 40.
Rxd4 Bg2 41. h4 f3 42. Rf4 Bh3 43. Kb3 f2 44. Rxf2 Bxg4 45. Kc3 f5 46. Kd4 Kf6
47. b4 Ke6 48. Rf1 Kd6 49. a4 h5 50. b5 Bh3 51. Rc1 Bg2 52. Rg1 Bf3 53. Rg6+
Ke7 54. Ke5 Kf7 55. Rf6+ Ke7 56. Rxf5 Bd1 57. a5 a6 58. bxa6 bxa6 59. Rf6 Be2
60. Rh6 Kd7 61. Kd4 Kc7 62. Ke3 1-0

[Event "FRA Team Ch"]
[Site "Bordeaux"]
[Date "2001.03.31"]
[Round "6.8"]
[White "Touzane, Olivier"]
[Black "Chabanon, Jean-Luc"]
[Result "0-1"]
[WhiteElo "2388"]
[BlackElo "2461"]
[Annotator "Montpellier - Cannes"]
[PlyCount "74"]
[EventDate "2001.??.??"]

1. d4 Nf6 2. c4 e6 3. Nc3 Bb4 4. Qc2 O-O 5. a3 Bxc3+ 6. Qxc3 Ne4 7. Qc2 f5 8.
Nf3 b6 9. g3 Bb7 10. Bg2 Nf6 11. O-O Be4 12. Qc3 d6 13. b4 Qe8 14. Bb2 a5 15.
d5 e5 16. Ng5 Bxg2 17. Kxg2 Ne4 18. Nxe4 fxe4 19. Qe3 Qg6 20. c5 bxc5 21. bxc5
Nd7 22. cxd6 cxd6 23. Rac1 Nf6 24. Rc6 Nxd5 25. Qd2 Qe6 26. Rd1 Rxf2+ 27. Kg1
Raf8 28. Bc3 e3 29. Qa2 Rg2+ 30. Kh1 Rff2 31. Qxd5 Rxh2+ 32. Kg1 Qxd5 33. Rxd5
Rfg2+ 34. Kf1 Rxe2 35. Bxa5 Ref2+ 36. Kg1 Rfg2+ 37. Kf1 e2+ 0-1

[Event "FRA Team Ch"]
[Site "Bordeaux"]
[Date "2001.03.31"]
[Round "6.9"]
[White "Leconte, Maria"]
[Black "Flear, Christine"]
[Result "1-0"]
[WhiteElo "2258"]
[BlackElo "2184"]
[Annotator "Cannes - Montpellier"]
[PlyCount "86"]
[EventDate "2001.??.??"]

1. e4 c5 2. Nf3 Nc6 3. d4 cxd4 4. Nxd4 Qc7 5. Nc3 e6 6. g3 a6 7. Bg2 Nf6 8. O-O
Bc5 9. Nxc6 dxc6 10. Na4 Ba7 11. c4 e5 12. c5 Be6 13. Qc2 O-O 14. b3 Rfe8 15.
Bb2 Nd7 16. Rac1 Qd8 17. Rfd1 Qe7 18. Ba3 Rad8 19. Bb4 Nf8 20. Ba5 Rxd1+ 21.
Rxd1 Bg4 22. f3 Bc8 23. Qc3 h6 24. Kh1 Bb8 25. Nb6 Ba7 26. Nxc8 Rxc8 27. Bh3
Re8 28. b4 Bb8 29. Qc4 Qf6 30. Kg2 Qe7 31. a4 h5 32. Qd3 Ne6 33. Bxe6 Qxe6 34.
Qd7 Kf8 35. Qxe6 Rxe6 36. Kf2 f6 37. Ke3 Re7 38. Bd8 Re8 39. Rd7 Kg8 40. Bb6
Rc8 41. Rxb7 Kf8 42. Kd3 Kg8 43. Kc4 Kf8 1-0

[Event "FRA Team Ch"]
[Site "Bordeaux"]
[Date "2001.03.31"]
[Round "6.1"]
[White "De la Riva Aguado, Oscar"]
[Black "Badea, Bela"]
[Result "1-0"]
[WhiteElo "2496"]
[BlackElo "2460"]
[Annotator "Orange - Bordeaux"]
[PlyCount "67"]
[EventDate "2001.??.??"]

1. e4 g6 2. d4 Bg7 3. Nc3 d6 4. Nf3 c6 5. Be3 b5 6. Bd3 a6 7. Qd2 Nd7 8. a4 Bb7
9. O-O b4 10. Ne2 a5 11. c3 bxc3 12. bxc3 Qc7 13. Rab1 e6 14. Ng3 Ne7 15. Bh6
O-O 16. Rfe1 e5 17. Bc4 Kh8 18. h4 Ba6 19. Ba2 Bxh6 20. Qxh6 Ng8 21. Qe3 h5 22.
Ng5 Ndf6 23. dxe5 dxe5 24. Red1 c5 25. Bd5 Rae8 26. c4 Nh7 27. Ne2 Nxg5 28.
Qxg5 Rb8 29. f4 Qe7 30. Rxb8 Rxb8 31. Bxf7 Qxg5 32. hxg5 Rb7 33. Be6 exf4 34.
Rd8 1-0